banner-ar

JEAN SENAC, ENTRE DESIR ET DOULEUR / (Record no. 20851)

MARC details
000 -الفاتح
حقل البيانات ثابتة الطول 00551nam a2200193Ia 4500
008 - عناصر البيانات ثابتة الطول - معلومات عامة
حقل البيانات ثابتة الطول 140319s9999 xx 000 0 eng d
040 ## - مصدر الفهرسة
وكالة الفهرسة الأصلية GCL /
وكالة النسخ GCL
082 04 - رقم تصنيف ديوى العشرى
رقم التصنيف 892.76
رقم المادة B J
100 1# - المدخل الرئيسى - إسم شخصى
الإسم الشخصى BELAMRI, RABAH
245 10 - بيان العنوان
العنوان JEAN SENAC, ENTRE DESIR ET DOULEUR /
بيان المسئوليه,etc BELAMRI, RABAH
260 ## - PUBLICATION, DISTRIBUTION, ETC. (IMPRINT)
تاريخ النشر أو التوزيع 1989
300 ## - الوصف المادى
التعداد 129\P
490 ## - بيان السلسلة
عنوان السلسلة CLASSIQUES MAGHREBINS
رقم المجلد/ التعيين التسلسلي 0
650 04 - المدخل الاضافى بالموضوع-مصطلح موضوعى
مصطلح موضوعي HISTORY AND CRITICISM
650 04 - المدخل الاضافى بالموضوع-مصطلح موضوعى
مصطلح موضوعي LITERATURE - ALGERIA
650 04 - المدخل الاضافى بالموضوع-مصطلح موضوعى
مصطلح موضوعي FRENCH LITERATURE
942 ## - عناصر المدخل الإضافي( كوها)
مصدر التصنيف او مخطط الترفيف Dewey Decimal Classification
Koha [default] item type كتاب
260 ## - PUBLICATION, DISTRIBUTION, ETC. (IMPRINT)
-- [S.N] :
-- OFFICE DES PUBLEATIONS UNIVERSITTIONE ،
Holdings
حالة التراجع حالة الفقد حالة تلف ليس للاعارة المكان المؤقت الموقع الحالى تاريخ الاكتساب اجمالي اﻻعارات رقم الطلب الباركود تاريخ اخر مشاهدة تاريخ تفعيل السعر نوع وعاء كوها
        مكتبة القاهرة الكبرى مكتبة القاهرة الكبرى 03/26/2014   892.76\B J 38854 03/26/2014 03/26/2014 كتاب

Powered By

EGPV